00520nam a2200181Ia 4500008004100000020001500041040001900056041001200075082002700087100001800114245006000132260003200192300002600224504005000250650000900300651001900309850001000328131103s9999 xx 000 0 und d a070690625X aLoreto College aEnglish a791.4/VASbLCLIB/25614 aVasudev,Aruna aLiberty and licence in the Indian CinemacAruna Vasudev aNew DelhibVikar Pub.c1978 axvii,221 p. c 23 cm. aIncludes bibliographical references and index aFilm aMotion Picture aLCLIB